Education for judgment : (Record no. 94903)

MARC details
000 -CABECERA
campo de control de longitud fija 00665nam a2200205 a 4500
005 - FECHA Y HORA DE LA ÚLTIMA TRANSACCIÓN
campo de control 20240925064536.0
008 - ELEMENTOS DE LONGITUD FIJA--INFORMACIÓN GENERAL
campo de control de longitud fija 030310s1991 ea r 000 0 eng d
020 ## - NÚMERO INTERNACIONAL NORMALIZADO PARA LIBROS
Número Internacional Estándar del Libro 0875843654
035 ## - NÚMERO DE CONTROL DEL SISTEMA
Número de control de sistema UPN01000122720
049 ## - COLECCIÓN
Colección CG
050 #4 - SIGNATURA TOPOGRÁFICA DE LA BIBLIOTECA DEL CONGRESO
Número de clasificación LB2331
Número de documento/Ítem E4.8
245 00 - MENCIÓN DE TÍTULO
Título Education for judgment :
Resto del título the artistry of discussion leadership /
Mención de responsabilidad, etc. ed. C. Roland Christensen.
260 ## - PUBLICACIÓN, DISTRIBUCIÓN, ETC.
Lugar de publicación, distribución, etc. Boston, Mass. :
Nombre del editor, distribuidor, etc. Harvard Business School,
Fecha de publicación, distribución, etc. c1991.
300 ## - DESCRIPCIÓN FÍSICA
Extensión xxvi, 312 p.
650 #4 - ASIENTO SECUNDARIO DE MATERIA - TERMINO TEMATICO
Término de materia o nombre geográfico como elemento de entrada Educación superior
9 (RLIN) 32
650 #4 - ASIENTO SECUNDARIO DE MATERIA - TERMINO TEMATICO
Término de materia o nombre geográfico como elemento de entrada DISCUSION (METODO PEDAGOGICO)
9 (RLIN) 14178
650 #4 - ASIENTO SECUNDARIO DE MATERIA - TERMINO TEMATICO
Término de materia o nombre geográfico como elemento de entrada Pensamiento creativo (Educación)
9 (RLIN) 5414
700 1# - ASIENTO SECUNDARIO--NOMBRE DE PERSONAL
Nombre de persona Christensen, Roland, C.,
Término indicativo de función/relación ed.
905 ## - TIPO DE MATERIAL
Tipo de material Libro
Holdings
Estado de retiro Estado de pérdida Fuente del sistema de clasificación o colocación Estado dañado No para préstamo Código de colección Localización permanente Ubicación/localización actual Ubicación en estantería Total de préstamos Clasificación Código de barras Fecha visto por última vez Número de copia Tipo de ítem Koha
    Library of Congress Classification     Colección General Bib. Gregorio Torres Quintero Bib. Gregorio Torres Quintero Planta baja   LB2331 E4.8 202184 31/12/2020 1 Libro